Statistics for Formula One 2021 Season Quiz

Click here to take the quiz!

General Stats

  • This quiz has been taken 109 times
  • The average score is 11 of 20

Answer Stats

HintAnswer% Correct
Only team with a 1 - 2 finish in the seasonMclaren
98%
Driver who got his maiden win in this seasonEsteban Ocon
93%
Driver who was crowned world champion at the end of the seasonMax Verstappen
89%
Country where the previous driver wonHungary
75%
Race Director of the 2021 seasonMichael Massi
73%
Team who's driver pairing did not get alongHaas
70%
Unexpected event during the last laps of the Russian Grand Prix which turned the raceRain
68%
Only Circuit where F1 held 2 races in the seasonRed Bull Ring
68%
Driver who was disqualified off the Brazilian Grand Prix qualifying sessionLewis Hamilton
65%
Country where a Red Bull, a Ferrari and a Mclaren shared a podiumMonaco
51%
Name of the blonde woman who is always by the side of Lewis HamiltonAngela
50%
Red Bull's 2021 reserve driverAlex Albon
49%
Driver who outqualified his teammate the most timesPierre Gasly
46%
Country where Red Bull performed a 2 pit stop strategy whilst Mercedes opted for a 1 stop strategyFrance
45%
Reserve driver who started in the Italian Grand PrixRobert Kubica
45%
Odd color which the Ferrari livery featuredGreen
43%
Part of the Red Bull car which caused a controversy in the Spanish and Azerbaijan Grand Prixs (It was eventually banned in the French Grand Prix)Flexi-Rear wing
25%
Investment fund which bought the Williams teamDorilton Capital
19%
Nature of a car which Red Bull and Alpha Tauri had a high one, and Mercedes and Aston Martin had a low oneRake
14%
Mexican convenience store which sponsored MclarenOxxo
1%

Score Distribution

Percentile by Number Answered

Percent of People with Each Score

Your Score History

You have not taken this quiz